000 00578nam a22001937a 4500
005 20251108170128.0
008 250721s1988 xx 000 0 ara d
020 _a9770119156
082 1 4 _aط/ق/سلي
100 1 _aسليم، جمال
245 1 0 _aالطائر الأزرق /
264 1 _aالقاهره :
_bالهيئه المصريه العامه للكتاب،
_c1988.
300 _a87 ص.
650 1 7 _aالقصص العربيه
653 _aناشئون صغار (10-14 سنة)
700 1 _aيونس، رفيق
_eCart.
942 _2ddc
_cBK
999 _c40437
_d40437